El hombre economizante como estructurador de la Tierra (Registro nro. 6189)

Detalles MARC
000 -LEADER
fixed length control field 00518 a2200181 4500
001 - CONTROL NUMBER
control field 57355
005 - DATE AND TIME OF LATEST TRANSACTION
control field 20260407155835.0
008 - FIXED-LENGTH DATA ELEMENTS--GENERAL INFORMATION
fixed length control field 260407a1955 arg spa d
003 - CONTROL NUMBER IDENTIFIER
control field AR-UNSa-BCEJYS
040 ## - CATALOGING SOURCE
Original cataloging agency AR-UNSa-BCEJYS
Language of cataloging spa
Transcribing agency AR-UNSa-BCEJYS
080 ## - UNIVERSAL DECIMAL CLASSIFICATION NUMBER
Universal Decimal Classification number 911.3:33
Common auxiliary subdivision Geografía económica
100 1# - MAIN ENTRY--PERSONAL NAME
Personal name Fels, Edwin
245 10 - TITLE STATEMENT
Title El hombre economizante como estructurador de la Tierra
264 #1 - PRODUCTION, PUBLICATION, DISTRIBUTION, MANUFACTURE, AND COPYRIGHT NOTICE
Place of production, publication, distribution, manufacture Barcelona :
Name of producer, publisher, distributor, manufacturer Omega
Date of production, publication, distribution, manufacture, or copyright notice 1955
300 ## - PHYSICAL DESCRIPTION
Extent 310 p.
Dimensions 25 cm.
590 ## - LOCAL NOTE (RLIN)
Local note niveau_biblio:m niveau_hierar:0
942 ## - ADDED ENTRY ELEMENTS (KOHA)
Koha item type
Existencias
Withdrawn status Lost status Damaged status Not for loan Home library Current library Shelving location Date acquired Total checkouts Full call number Barcode Date last seen Price effective from Koha item type
        Biblioteca Prof. Eusebio Cleto del Rey Biblioteca Prof. Eusebio Cleto del Rey   07/04/2026   911.3:33 F324 v.5 L20375 07/04/2026 07/04/2026 Libro